Statistiken für Top 15 Länder mit Covid-19-Todesfällen - 30. Mai

Klicken Sie hier um das Quiz zu spielen!

Allgemein

  • Dieses Quiz wurde 10 mal gespielt
  • Das Durchschnittsergebnis liegt bei 16 aus 21

Antwortstatistiken

Land% Korrekt
Brasilien
100%
China
100%
Deutschland
100%
Indien
100%
Italien
100%
Russland
100%
Vereinigtes Königreich
100%
Vereinigte Staaten
100%
Frankreich
86%
Spanien
86%
Belgien
71%
Irland
71%
Mexiko
71%
Schweiz
71%
Kanada
57%
Niederlande
57%
Portugal
57%
Schweden
57%
Ecuador
43%
Iran
43%
Peru
43%

Verteilung der Resultate

Perzentil nach korrekt beantworteten Fragen

Anzahl Personen mit jedem Resultat

Ihre Resultats-Entwicklung

Sie haben dieses Quiz noch nicht gespielt